00658nam a2200193 i 4500001000300000100002400003245008900027250001600116260002100132700003700153700003400190040000800224041000800232942000700240008004100247999001700288856009800305952006100403bg1 aDryja, Maksymilian. 0aPrzegląd metod i algorytmów numerycznych.nCz. 2 /cM. Dryja, J. i M. Jankowscy. aWyd.2 popr. aWarszawa,c1988.1 aJankowska, Janinac(informatyk).1 aJankowski, Michałd(1947- ). cBPK apol cKS s pl f |000 0 pol  c28679d28679 uhttp://koha.tu.koszalin.pl/cgi-bin/koha/opac-detail.pl?biblionumber=28679yKatalog online BPK 00104070aBPKbBPKcwo34560p01272819s2016-02-09yKS